00281nam a2200097Ia 4500008004100000082001500041100001900056245005300075260004600128300000900174210430s9999 xx 000 0 und d a541 M298 P aSamuel H.Maron aPrinciples of Physical ChemistrycSamuel H.Maron aIslamabadbNational Book Foundationc1965 a886p